LEADER 00908nam0 2200265 450 001 000016254 005 20181221122423.0 100 $a20080918g19591960km-y0itay50------ba 101 0 $aita 102 $aIT 105 $ay-------001yy 200 1 $aCorso di diritto processuale civile$fGian Antonio Micheli 210 $aMilano$cA. Giuffrè$d1959-1960 215 $a2 v.$d25 cm 327 1 $a1.: Parte generale$a2.: Il processo di cognizione 610 1 $aDiritto processuale civile 676 $a347$v16$9Diritto privato. Diritto civile. Procedura civile 676 $a347.4505$v19$9Procedura civile. Italia 700 1$aMicheli,$bGian Antonio$0133060 801 0$aIT$bUNIPARTHENOPE$c20080918$gRICA$2UNIMARC 912 $a000016254 951 $a347.91/105[1]$b15374$cNAVA4$d2008 951 $a347.91/105[2]$b15374$cNAVA4$d2008 996 $aCorso di diritto processuale civile$9582830 997 $aUNIPARTHENOPE